Molekulové základy klinické biochemie /
Uložené v:
| Hlavný autor: | |
|---|---|
| Médium: | Kniha |
| Jazyk: | Czech |
| Vydané: |
Praha :
Grada - Avicenum,
1994.
|
| Vydanie: | 1. vyd. |
| Témy: | |
| ISBN: |
8071690562 (brož.) |
| Fyzický popis: |
377 s. |
| Tagy: |
Pridať tag
Žiadne tagy, Buďte prvý kto otaguje tento záznam!
|
Titul je dostupný aj v ... 

MARC
| LEADER | 00000nam a2200000 a 4500 | ||
|---|---|---|---|
| 001 | 000071949 | ||
| 003 | SVKK | ||
| 005 | 20111020074649.0 | ||
| 008 | 990722s1994 xr e 000 0 cze d | ||
| 020 | |a 8071690562 (brož.) | ||
| 040 | |a SVKKK |b slo |c SVKKK |e AACR2 | ||
| 041 | 0 | |a cze | |
| 044 | |a xr |c CZ | ||
| 080 | |a 577.1:577.2 |2 1997 | ||
| 080 | |a 577.2:577.1 |2 1997 | ||
| 080 | |a 612.015 |2 1997 | ||
| 100 | 1 | |a Musil, Jan, |d 1927-1996 | |
| 245 | 1 | 0 | |a Molekulové základy klinické biochemie / |c Jan Musil. |
| 250 | |a 1. vyd. | ||
| 260 | |a Praha : |b Grada - Avicenum, |c 1994. | ||
| 300 | |a 377 s. | ||
| 653 | 0 | |a biochémia klinická |2 SVKKKPH | |
| 653 | 0 | |a biológia molekulárna |2 SVKKKPH | |
| 653 | 0 | |a základy |2 SVKKKPH | |
| 655 | 7 | |a monografie |2 SVKKKPH | |
| 910 | |a svkkk | ||
| 919 | |a 80-7169-056-2 | ||
| 974 | |a MI |d 19990722 | ||
| 974 | |a PA |d 19990722 | ||
| 974 | |a PA |d 20010430 | ||
| 998 | |a BK | ||
| 090 | |g SCKHL |k Sklad Pribinova prízemie |a IV.166091 |j 871127 |i 2720093135 |s Absenčne | ||
| 090 | |g SCKHL |k Sklad Pribinova prízemie |a IV.166092 |j 871128 |i 2720219612 |s Absenčne | ||
| 090 | |g SCKHL |k Sklad Pribinova prízemie |a IV.166093 |j 871129 |i 2720066413 |s Absenčne | ||